000 00705nam a2200229Ia 4500
003 GCL
008 140319s9999 xx 000 0 ara d
040 _aGCL /
_cGCL
082 0 4 _a001.6425
_bل ح
100 1 _aلافون، روبرت
245 1 0 _aالحاسبات الالكترونية /
_cلافون، روبرت
700 1 _aموسى بدوى
260 _a[S.N] :
_bشركة تراد كيسيم ،
_c1977
300 _a143 ص
490 _aقضايا الساعة
_v0
650 0 4 _aتصميم
650 0 4 _aاللغات
650 0 4 _aالحاسبات الالكترونية
650 0 4 _aالبرمجة
650 0 4 _aاختزان واسترجاع المعلومات
942 _2ddc
_cBK
999 _c36591
_d36591